000 01165nam a2200265 i 4500
001 bg
245 0 0 _aImage processing methods in applied mechanics :
_bEuromech 406 colloquium , May 6-8, 1999, Warsaw, Poland : book of abstracts /
_c[kom. org.] Tomasz A. Kowalewski, Witold Kosiński, Jürgen Kompenhaus ; Polish Academy of Sciences, Association for Image Processing, Institut of Fluid Mechanics DLR.
260 _aWarszawa :
_bIPPT PAN,
_c1999.
300 _a257 s. :
_bfot. (w tym kolor.), rys., wykr.
490 1 _aPrace Instytutu Podstawowych Problemów Techniki Polskiej Akademii Nauk,
_x0208-5658 ;
_v4/1999
500 _aNa prawach rękopisu.
504 _aBibliogr. przy ref.
650 9 _aPrzetwarzanie obrazów
_xmetody
650 9 _aMechanika stosowana
_xzagadnienia
655 _aMateriały konferencyjne
700 1 _aKOWALEWSKI, Tomasz A.
700 1 _aKOSIŃSKI, Witold
700 1 _aKOMPENHAUS, Jürgen
830 _aPrace Instytutu Podstawowych Problemów Techniki Polskiej Akademii Nauk,
_x0208-5658 ;
040 _cBPK
041 0 _aen
080 _a004.932:621.01](061)
942 _cKS
008 s pl f |000 0 pol
999 _c34576
_d34576
856 _uhttp://koha.tu.koszalin.pl/cgi-bin/koha/opac-detail.pl?biblionumber=34576
_yKatalog online BPK